00493nam a22001697a 450000500170000001000150001702000260003203500140005803700090007208200110008110000220009224500950011425000060020926000400021527000440025530000240029920241122124016.0 aENG-142496 c595.00a9789387162952 aEN-126028 bDBAD a50026 aChatterjee, Utpal aADVANCED MATHEMATICAL ANALYSIS: bTHEORY & PROBLEMS INCLUDING MCQ'S/ cBy Utpal Chatterjee a6 c2022bAcademic PublishersaKolkatta a5A Bhawani Dutta LanebKolkattae700073 aviii,728pc24cm(pb)